000 00402nam a22001577a 4500
005 20241122160017.0
008 241122b |||||||| |||| 00| 0 eng d
020 _a9780205169061
050 _aPE1413
_b.W517 WEL
100 _aWELLINGTON, PAT
245 _aSHAPING UP YOUR ENGLISH
260 _aBOSTON
_bALLYN AND BACON
_cc1995
300 _axii, 292p
500 _aincludes index
942 _2lcc
_cBK
_n0
999 _c1455
_d1455